وجهة النظر فى روايات الأصوات العربية فى مصر / (Record no. 14143)
[ view plain ]
| 000 -الفاتح | |
|---|---|
| حقل البيانات ثابتة الطول | 00882cam a22001697a 4500 |
| 008 - عناصر البيانات ثابتة الطول - معلومات عامة | |
| حقل البيانات ثابتة الطول | 100621t2001 xxu||||gr|||| 00| 0 ara d |
| 082 ## - رقم تصنيف ديوى العشرى | |
| رقم الطبعة | 22 |
| رقم التصنيف | 813.009 |
| رقم المادة | ت ل ا |
| 100 ## - المدخل الرئيسى - إسم شخصى | |
| 9 (RLIN) | 14977 |
| الإسم الشخصى | التلاوى، محمد نجيب |
| 245 ## - بيان العنوان | |
| العنوان | وجهة النظر فى روايات الأصوات العربية فى مصر / |
| بيان المسئوليه,etc | محمد نجيب التلاوى . |
| 260 ## - PUBLICATION, DISTRIBUTION, ETC. (IMPRINT) | |
| مكان الناشر او الموزع | القاهرة : |
| اسم الناشر او الموزع | الهيئة العامة لقصور الثقافة ، |
| تاريخ النشر أو التوزيع | 2001. |
| 300 ## - الوصف المادى | |
| التعداد | 270 ص : |
| أبعاد الوعاء | 24سم. |
| تفاصيل ماديه اخرى للوعاء | ايض ؛ |
| 490 ## - بيان السلسلة | |
| -- | 14978 |
| عنوان السلسلة | ؛كتابات نقدية |
| رقم المجلد/ التعيين التسلسلي | 117 |
| 504 ## - تبصرة ببليوجرافية | |
| تبصرة ببليوجرافية,الخ | يحتوى على إرجاعات ببليوجرافية |
| 650 ## - المدخل الاضافى بالموضوع-مصطلح موضوعى | |
| 9 (RLIN) | 14981 |
| مصطلح موضوعي أو اسم جغرافي كعنصر مدخل | القصص العربية |
| التقسيم الفرعي العام | تاريخ ونقد |
| 942 ## - عناصر المدخل الإضافي( كوها) | |
| مصدر التصنيف او مخطط الترفيف | Dewey Decimal Classification |
| Koha [default] item type | Book - Borrowing |
| حالة التراجع | حالة الفقد | مصدر التصنيف او خطة الترفيف | حالة تلف | ليس للاعارة | المكان الدائم | المكان الحالي | موقع الترفيف | تاريخ الاكتساب | رقم الاستدعاء | الباركود | Date last seen | نوع الوعاء |
|---|---|---|---|---|---|---|---|---|---|---|---|---|
| Dewey Decimal Classification | Central Library | Central Library | Second Floor | 21/06/2010 | 813.009 ت ل ا | 000021028 | 15/07/2025 | Book - Borrowing |